KOHA-Header-6

Essentials of Abnormal Psychology (Record no. 13267)

000 -LEADER
fixed length control field 00325nam a22001337a 4500
020 ## - INTERNATIONAL STANDARD BOOK NUMBER
ISBN 9781305094147
082 ## - DEWEY DECIMAL CLASSIFICATION NUMBER
Classification number 616.89
100 ## - MAIN ENTRY--AUTHOR NAME
Personal name Durand V.Mark & H.Barlow David
245 ## - TITLE STATEMENT
Title Essentials of Abnormal Psychology
250 ## - EDITION STATEMENT
Edition statement 7th Edition
260 ## - PUBLICATION, DISTRIBUTION, ETC. (IMPRINT)
Place of publication Canada
Name of publisher Cengage Learning
Year of publication 2016
300 ## - PHYSICAL DESCRIPTION
Number of Pages 590 pages
942 ## - ADDED ENTRY ELEMENTS (KOHA)
Koha item type Books
Holdings
Withdrawn status Lost status Collection code Permanent Location Current Location Shelving location Date acquired Full call number Accession Number Koha item type
    Psychology MAJU MAJU Shelf No.B35 2022-03-02 616.89 10339 Psychology

Powered by Koha